| 000 | 00442nam a2200157Ia 4500 | ||
|---|---|---|---|
| 008 | 210716s2016 xx 000 0 und d | ||
| 020 | _a9780143427469 | ||
| 041 | _aeng | ||
| 082 | _a374.22 GOPR | ||
| 100 | _aGopalakrishnan, R. | ||
| 245 |
_aWhen the penny drops: learning what's not taught. _bLearning what's not taught. |
||
| 250 | _a1 | ||
| 260 |
_aHaryana _bPenguin Books _c2016 |
||
| 300 | _axviii,181 | ||
| 650 | _aGeneral Management | ||
| 999 |
_c210456 _d210456 |
||